opac header logoIBA Library

Quantititive methods for business/ (Record no. 605)

MARC details
000 -LEADER
fixed length control field 00416nam a22001697a 4500
003 - CONTROL NUMBER IDENTIFIER
control field BD-DhUIB
005 - DATE AND TIME OF LATEST TRANSACTION
control field 20251025171918.0
008 - FIXED-LENGTH DATA ELEMENTS--GENERAL INFORMATION
fixed length control field 251025b |||||||| |||| 00| 0 eng d
040 ## - CATALOGING SOURCE
Original cataloging agency BD-DhUIB
Transcribing agency BD-DhUIB
050 ## - LIBRARY OF CONGRESS CALL NUMBER
Classification number 658.4033
082 ## - DEWEY DECIMAL CLASSIFICATION NUMBER
Edition number 22
100 ## - MAIN ENTRY--PERSONAL NAME
Personal name Anderson,David R.
9 (RLIN) 1042
245 ## - TITLE STATEMENT
Title Quantititive methods for business/
Statement of responsibility, etc. by David R. Anderson.
250 ## - EDITION STATEMENT
Edition statement 8th ed.
526 ## - STUDY PROGRAM INFORMATION NOTE
Program name BBA.
942 ## - ADDED ENTRY ELEMENTS (KOHA)
Source of classification or shelving scheme Dewey Decimal Classification
Koha item type Books
Holdings
Withdrawn status Lost status Source of classification or shelving scheme Damaged status Not for loan Collection code Home library Current library Shelving location Date acquired Source of acquisition Total Checkouts Total Renewals Full call number Barcode Date due Date last seen Date last checked out Copy number Price effective from Koha item type
    Dewey Decimal Classification     Non-fiction IBA Library IBA Library General Stacks 04/27/2016 Purchase 1 2 658.4033 BAn23q 00047780 02/08/2026 10/25/2025 10/25/2025 C-1 10/25/2025 Books
Copyright © 2021-2026 | IBA Library
Institute of Business Administration (IBA)
University of Dhaka
Library Home | IBA Home